000 00643nam a22001337a 4500
040 _cRUA
082 _aAGR NIT 2010 B045 Or.1
100 _aNIT, PECH.
245 _aeffect of organic fertilizers on chinese kale at sangker district, battambang province ( ឥទ្ធិពលជីធម្មជាតិលើដំណាំខាត់ណាដើមដែលឋិតក្នុងស្រុកសង្កែ ខេត្តបាត់ដំបង)
260 _aPhnom Penh
_bRUA
_c2010
300 _axi, 38p.
_bill.
_c29mc.
856 _uhttps://drive.google.com/file/d/1iQ67lF8lrzUV0DITbv9WGu19NMXaw3HC/view?usp=sharing
942 _cAGR
999 _c1112
_d1112